000
00346nam a2200145Ia 4500
008
221030s9999 xx 000 0 und d
020
_a
8185749795
041
_a
English
100
_a
P. S. Gill
245
0
_a
Machine Drawing
_c
by P. S. Gill
260
_b
S. K. Kataria
_a
New Delhi
_c
2013
300
_a
698
650
_a
Mechanical
942
_c
BK
999
_c
15613
_d
15613